01002nam a2200205Ia 45000010005000000080041000050100009000460410014000550820022000692450069000912600013001603000007001735200007001806300017001876300016002046500022002207000037002427000039002795200478003181531241029s9999 xx 000 0 und d a1428 aEspañol aRSTA MAPE 2001-01 0aProyecto de Educación Técnica Modular Basada en Competencias aSantiago a71 a36 aCompetencias aEducación aCalidad Educativa easesoraDe los Santos, Saturnino eautoraBrito Recio, Ylda Confesora aEste proyecto tuvo como objetivo que la Secretaría de Educación y las demás instituciones que integran el subsistema de la educación para el trabajo de una estructura técnico administrativa para la regulación, certificación y convalidación de la oferta de cursos de formación profesional no formal.Los beneficiarios serán 150,000 jóvenes y adultos de ambos sexos y sus dependientes actuales, que no han recibido y/o completado la educación Básica.